El mago y el sombrero
Gespeichert in:
| 1. Verfasser: | |
|---|---|
| Format: | Buch |
| Sprache: | Spanisch |
| Veröffentlicht: |
La Habana
Eds. Extramuros
1989
|
| Schlagworte: | |
| Tags: |
Tag hinzufügen
Keine Tags, Fügen Sie den ersten Tag hinzu!
|
MARC
| LEADER | 00000nam a2200000 a 4500 | ||
|---|---|---|---|
| 001 | UCY2373 | ||
| 003 | CL-VaPUC | ||
| 008 | 941024e19890000CU |||||||||||||||||spa|d | ||
| 082 | 0 | 4 | |a Cu861 |b ROJ |2 21 |
| 100 | 0 | |a Rojo, Josue Francisco |e author |9 330400 | |
| 245 | 1 | 3 | |a El mago y el sombrero |
| 300 | |a 18 p | ||
| 942 | |c BK | ||
| 945 | |d 19941024 00:00:00 |a rbrito | ||
| 260 | |a La Habana |b Eds. Extramuros |c 1989 | ||
| 650 | 0 | |a Poesías cubanas |9 316897 | |
| 583 | |a last modification |c 19941024 00:00:00 |k Rodrigo Vera | ||
| 999 | |c 230794 |d 230792 | ||
| 952 | |0 0 |1 0 |4 0 |6 CU_861_000000000000000_ROJ_1989 |7 0 |8 A |9 233325 |a BIBEDU |b BIBEDU |d 2019-11-15 |i 302816K |o Cu861 ROJ 1989 |p 302816K |r 2019-11-15 |w 2019-11-15 |y BK |k LIT | ||